- Quintana Cabanas, José María,
Entry Nombre Personal
001 - NUMERO DE CONTROL
- campo de control: 29589
003 - IDENTIFICADOR DE NUMERO DE CONTROL
- campo de control: DLC
005 - FECHA Y HORA DE LA ÜLTIMA TRANSACCIÓN
- campo de control: 20220325141033.0
008 - DATOS DE LONGITUD FIJA
- campo de control de longitud fija: 220325n| acannaabn |a aaa
010 ## - NÚMERO DE CONTROL DE LA BIBLIOTECA DEL CONGRESO
- Número de control LC: n 80021694
035 ## - NUMERO DE CONTROL
- Número de control: (OCoLC)oca00404043
040 ## - FUENTE DE CATALOGACIÓN
- Agencia original de catalogación: DLC
- Lenguaje de catalogación: spa
- Agencia de transcripción: DLC
- Agencia que lo modifica: DLC
- Agencia que lo modifica: CU
- Agencia que lo modifica: OCoLC
- Agencia que lo modifica: IEN
- Agencia que lo modifica: ItFiC
- Agencia que lo modifica: MX-MxUPN
046 ## - FECHAS CON CODIFICACIÓN ESPECIAL
- Fecha de nacimiento: 1930
100 1# - ENCABEZAMIENTO - NOMBRE PERSONAL
- Nombre personal: Quintana Cabanas, José María,
- Fechas asociadas con el nombre: 1930-
370 ## - LUGAR ASOCIADO
- Place of birth: Bagá, España
- Associated country: España
375 ## - GÉNERO
- Gender: masculino
377 ## - LENGUA ASOCIADA
- Language code: spa
400 1# - VEÁSE - NOMBRE DE PERSONA
- Personal name: Quintana, José María
400 1# - VEÁSE - NOMBRE DE PERSONA
- Personal name: Cabanas, José María Quintana
400 1# - VEÁSE - NOMBRE DE PERSONA
- Personal name: Quintana Cabanas, José Ma.
- Fuller form of name: (Quintana Cabanas José María)
400 1# - VEÁSE - NOMBRE DE PERSONA
- Personal name: Quintana i Cabanas, Josep Maria
400 1# - VEÁSE - NOMBRE DE PERSONA
- Personal name: Quintana, Josep Maria
400 1# - VEÁSE - NOMBRE DE PERSONA
- Personal name: Quintana, Josep M.
- Fuller form of name: (Josep Maria Quintana Cabanas)
670 ## - FUENTE EN LA QUE SE LOCALIZARON DATOS
- Cita de la fuente: En su obra: El carácter, 1965.
670 ## - FUENTE EN LA QUE SE LOCALIZARON DATOS
- Cita de la fuente: Iniciativas sociales en educación informal, c1991:
- Información localizada: portada (José Ma. Quintana Cabanas)
670 ## - FUENTE EN LA QUE SE LOCALIZARON DATOS
- Cita de la fuente: En su obra: L'animació i els seus àmbits professionals, 1992:
- Información localizada: reverso de la portada (Josep Maria Quintana i Cabanas)
670 ## - FUENTE EN LA QUE SE LOCALIZARON DATOS
- Cita de la fuente: Regionalisme i cultura catalana a Menorca ... 1998:
- Información localizada: portada (Josep Maria Quintana) reverso de la portada (Josep M. Quintana)
670 ## - FUENTE EN LA QUE SE LOCALIZARON DATOS
- Cita de la fuente: Ensayo crítico de mistíca comparada, 2010:
- Información localizada: portada (José María Quintana Cabanas) página 4 de la cubierta (b. 1930 in Bagá, Spain)
670 ## - FUENTE EN LA QUE SE LOCALIZARON DATOS
- Cita de la fuente: En la obra: Iniciativas sociales en educación informal, 1991:
- Información localizada: portada (José Ma. Quintana Cabanas)
